[Event "GER-chT U14 Girls"]
[Site "Neumuenster"]
[Date "2017.12.28"]
[Round "4.4"]
[White "Kisner, Monica"]
[Black "Hausmann, Helene"]
[Result "1/2-1/2"]
[WhiteElo "800"]
[BlackElo "1009"]
[PlyCount "54"]
[EventDate "2017.12.26"]
[EventType "team-swiss"]
[EventRounds "7"]
[EventCountry "GER"]
[SourceTitle "CBM 182 Extra"]
[Source "ChessBase"]
[SourceDate "2018.02.23"]
[SourceVersion "1"]
[SourceVersionDate "2018.02.23"]
[SourceQuality "1"]
[WhiteTeam "Baden-Baden"]
[BlackTeam "Leipzig SG"]
[WhiteTeamCountry "GER"]
[BlackTeamCountry "GER"]

1. e4 d6 2. d4 Nf6 3. Nc3 g6 4. f4 Bg4 5. Nf3 Bg7 6. e5 dxe5 7. fxe5 Bxf3 8. Qxf3 Nfd7 9. Bc4 e6 10. 0-0 0-0 11. d5 Nxe5 12. Qf4 Nxc4 13. Qxc4 Qe7 14. Re1 e5 15. Bf4 Qd6 16. Bg3 a6 17. Ne4 b5 18. Qc5 Qxc5+ 19. Nxc5 Re8 20. Re4 c6 21. d6 f5 22. Re2 e4 23. Rd1 Rd8 24. Ne6 Rd7 25. Nxg7 Rxg7 26. Be5 Rf7 27. Red2 Nd7 1/2-1/2

[Event "Regionalliga SO 1718 (Women)"]
[Site "Germany"]
[Date "2017.10.15"]
[Round "1.4"]
[White "Lorenz, Anouk"]
[Black "Hausmann, Helene"]
[Result "1-0"]
[WhiteElo "1310"]
[BlackElo "1009"]
[PlyCount "55"]
[EventDate "2017.10.15"]
[EventType "team-tourn"]
[EventRounds "5"]
[EventCountry "GER"]
[SourceTitle "CBM 183 Extra"]
[Source "ChessBase"]
[SourceDate "2018.04.19"]
[SourceVersion "1"]
[SourceVersionDate "2018.04.19"]
[SourceQuality "1"]
[WhiteTeam "Saalfeld (W)"]
[BlackTeam "Leipzig SG (W) II"]
[WhiteTeamCountry "GER"]
[BlackTeamCountry "GER"]

1. e4 d6 2. d4 Nf6 3. Nc3 g6 4. Nf3 Bg7 5. Be3 0-0 6. Qd2 Nc6 7. 0-0-0 b6 8. Bh6 Bb7 9. Bxg7 Kxg7 10. h4 e5 11. d5 Nd4 12. Nxd4 exd4 13. Qxd4 c5 14. Qe3 Ng4 15. Qg3 Qd7 16. Be2 Ne5 17. f4 Ba6 18. fxe5 Bxe2 19. Nxe2 dxe5 20. Qxe5+ Kg8 21. h5 Qg4 22. Nc3 Qxg2 23. Rdg1 Rae8 24. Qf4 Qxg1+ 25. Rxg1 Kh8 26. Qf6+ Kg8 27. h6 a6 28. Qg7# 1-0

[Event "Sachsen-ch U10 Girls"]
[Site "Sebnitz"]
[Date "2013.04.03"]
[Round "2"]
[White "Heck, Jasmin"]
[Black "Hausmann, Helene"]
[Result "1-0"]
[WhiteElo "947"]
[BlackElo "751"]
[PlyCount "39"]
[EventDate "2013.04.02"]
[EventType "swiss"]
[EventRounds "7"]
[EventCountry "GER"]
[SourceTitle "EXT 2014"]
[Source "ChessBase"]
[SourceDate "2013.11.20"]
[SourceVersion "1"]
[SourceVersionDate "2013.11.20"]
[SourceQuality "1"]

1. e4 e5 2. Nf3 Nc6 3. Bc4 Nf6 4. Nc3 Bc5 5. d3 Ng4 6. Rf1 d6 7. Bg5 f6 8. Bd2 Nd4 9. Nxd4 Bxd4 10. Nd5 c6 11. Nb4 Nxh2 12. Qh5+ g6 13. Qxh2 c5 14. Nd5 Bd7 15. 0-0-0 Bc6 16. Qg3 Rg8 17. Qf3 Rf8 18. Qg4 Kf7 19. Nc3+ Ke7 20. Qe6# 1-0